| 000 | 01039cam a2200253 4500 | ||
|---|---|---|---|
| 999 |
_c4406 _d4406 |
||
| 001 | 5248 | ||
| 005 | 20200701104604.0 | ||
| 008 | 070924s2008 iluab bc 001 0 eng | ||
| 010 | _a 2007039531 | ||
| 020 | _a9781932476354 | ||
| 020 | _a9789993678465 (pbk.) | ||
| 043 | _aa-bt--- | ||
| 245 | 0 | 4 | _aའབྲུག་གི་འགངས་ཅན་མཇལ་ཁ། འབྲུག་གི་བྱིན་ཅན་སྒྱུ་རྩལ། |
| 246 | _aThe dragon's gift : the sacred arts of Bhutan. | ||
| 250 | _a1st ed. | ||
| 260 |
_a[Thimphu] : _bHonolulu Academy of Arts, _c2010. |
||
| 300 |
_a482 p. : _bcol. ill., col. map ; _c31 cm. |
||
| 500 | _aCatalog of an exhibition held at the Honolulu Academy of Arts, Hawaii, in 2008. | ||
| 500 | _aEdited by Terese Tse Bartholomew and John Johnston in English version. | ||
| 504 | _aIncludes bibliographical references (p. 382-385) and index. | ||
| 650 | 0 |
_aBuddhist art and symbolism _zBhutan _vExhibitions. |
|
| 710 | 2 | _aHonolulu Academy of Arts. | |
| 942 |
_2ddc _cDZONGKHA |
||